=LDR 00000nam 2200000 4500 =001 INLIS000000000000289 =005 20150306071847.0 =006 =007 =008 Ind =035 ##$$0010-061300000000289 =041 ##$$a Ind =082 ##$$a 615.636 =090 ##$$a 615.636 Man f =100 ##$$a Mantak Chia =245 ##$$a Fusi ilmu unsur / Mantak Chia; Editor, Gufron Maliono =260 ##$$a Jakarta $b Delaprasta $c 1997 =300 ##$$a xxxiv,222 hlm. : ilus. ; 21 cm =650 ##$$a Terapi perapan =700 ##$$a Maliono, Ghufron =850 ##$$a NBPNMAT